[Event "40th Olympiad 2012 Open1"]
[Site "Istanbul"]
[Date "2012.09.07"]
[Round "10"]
[White "Giri, Anish"]
[Black "Aronian, Levon"]
[Result "0-1"]
[WhiteElo "2711"]
[BlackElo "2816"]
[Annotator "Ñåðãåé Øèïîâ"]
[PlyCount "95"]
[EventDate "2012.??.??"]
[EventCountry "TUR"]
[WhiteTeam "Netherlands"]
[BlackTeam "Armenia"]
[WhiteTeamCountry "NED"]
[BlackTeamCountry "ARM"]

{Àðìÿíñêèå øàõìàòèñòû, ïîõîæå, îáðåëè âòîðîå äûõàíèå. Èõ èãðà â ïðîòèâîñòîÿíè
ñ ãîëëàíäöàìè ïðîèçâåëà áîëüøîå âïå÷àòëåíèå.} 1. d4 d5 2. c4 c6 3. Nf3 Nf6 4.
Qb3 e6 5. g3 Be7 6. Bg2 O-O 7. O-O Nbd7 8. Bf4 a5 9. Rc1 h6 10. a4 Ne4 11. Nfd2
Nd6 12. Bxd6 Bxd6 13. e4 dxe4 14. Nxe4 Bb4 15. c5 Nf6 16. Qc4 Nxe4 17. Bxe4 Kh8
18. Bg2 { Çàõâàò ïðîñòðàíñòâà - ïàëêà î äâóõ êîíöàõ. Ñåé ïðîöåññ òðåáóåò
âðåìåíè è îñëàáëÿåò òûëû...} e5 $1 {
Ëåâîí óìåëî èñïîëüçóåò çàäåðæêó áåëûõ â ðàçâèòèè è ñèëó ñîáñòâåííûõ ñëîíîâ.}
19. d5 {Èíà÷å ÷åðíûé ñëîí ñ òåìïîì âûõîäèò íà e6.} f5 $1 {
Òâîð÷åñêè ñûãðàíî, âîïðåêè âñåì ðåêîìåíäàöèÿì êîìïüþòåðà.} 20. dxc6 e4 {
×åðíûå îãðàíè÷èâàþò íåêîãäà ñèëüíîãî ñëîíà g2 è ïîëó÷àþò çà ïåøêó ìîùíóþ
èíèöèàòèâó.} 21. cxb7 Bxb7 22. c6 Ba6 23. Qb3 ({Âèäèìî, ñèëüíåå} 23. c7 Qe7 24.
Qc6 e3 25. Nc3 $1 ({Àíèø, ñêîðåå âñåãî, îòâåðã ñåé âàðèàíò, óâèäåâ ðåñóðñ} 25.
fxe3 Qxe3+ 26. Kh1 Bb7 $1) 25... exf2+ 26. Kh1 (26. Kxf2 $2 Bc5+) 26... Bxc3
27. Qxc3 Rac8 28. Qd2 Rxc7 29. Qxf2 Rxc1+ 30. Rxc1 Qb4 $15 {.}) 23... Rc8 24.
Nc3 {Òàê èëè èíà÷å ïåøêà ñ6 îáðå÷åíà.} ({Íå ëó÷øå} 24. Na3 Qb6 {è ò.ä.})
24... Rxc6 25. Nd5 Bc5 26. Bf1 {} f4 $1 {Íîâûé ìîùíûé ïðîðûâ.} 27. Nxf4 ({
Åñëè áû Àíèø ïðåäâèäåë äàëüíåéøåå, òî ñûãðàë áû} 27. Rxc5 $1 Rxc5 28. Nxf4 (28.
Bxa6 Qxd5) 28... Rc6 (28... Bxf1 29. Ng6+) 29. Bxa6 Rxa6 30. Qc4 {
ñ øàíñàìè íà ñïàñåíèå.}) 27... Bxf2+ $1 28. Kh1 ({Ïðîèãðûâàëî} 28. Kxf2 {ââèäó}
Rxf4+ 29. gxf4 Qd2+ 30. Kg1 Rxc1 31. Rxc1 Qxc1 32. Qh3 e3 {ñ íåèçáåæíûì e3-e2.}
) ({Âèäèìî, íåñêîëüêî òî÷íåå áûëî} 28. Kg2 Rb6 29. Qd5 $1) 28... Rb6 $1 29.
Qc2 ({Çäåñü íà} 29. Qd5 {íåïðèÿòíî} Bb7 30. Qxd8 Rxd8 {
(ïðè áåëîì êîðîëå íà g2 çäåñü ïàë áû ñëîí f2)} 31. Rc2 g5 32. Ne2 e3+ 33. Bg2
Ba6 $1 {ñ ïîäàâëÿþùèì ïðåèìóùåñòâîì ÷åðíûõ.}) 29... e3 {
Î÷åíü ñèëüíàÿ ïåøêà íà e3 ïàðàëèçóåò ñèëû áåëûõ.} 30. Bg2 Qe8 31. Qc5 Rff6 {}
32. Rc2 (32. Qxa5 e2 $1) 32... g5 $1 {
Óñòðàíÿÿ áëîê áåëûõ, ÷åðíûå îðãàíèçóþò ïðåâðàùåíèå ïåøêè â ôåðçè.} 33. Nd5 (
33. Ne2 Bd3 $1) 33... e2 34. Qxa5 e1=Q+ ({Êîìïüþòåð ñûãðàë áû} 34... Rbd6 $1 {
, íåìåäëåííî çàâåðøàÿ áîðüáó ââèäó íåâîçìîæíîñòè} 35. Nxf6 $2 Rd1+) 35. Rxe1
Qxe1+ 36. Qxe1 Bxe1 37. Nxb6 Rxb6 {
 Ïðîáëåì ñ ðåàëèçàöèåé ëèøíåé ôèãóðû íåò íèêàêèõ. Åùå ïîñëåäîâàëî} 38. Rc6
Rxc6 39. Bxc6 Kg7 40. Kg2 Kf6 41. Bf3 Ke5 42. h4 Bc8 43. hxg5 hxg5 44. Kf1 Bxg3
45. b4 Kd4 46. a5 Kc4 47. a6 Bb8 48. Bb7 0-1

[Event "40th Olympiad 2012 Open1"]
[Site "Istanbul"]
[Date "2012.09.07"]
[Round "10"]
[White "Sokolov, Ivan"]
[Black "Akopian, Vladimir"]
[Result "0-1"]
[WhiteElo "2696"]
[BlackElo "2687"]
[Annotator "Ñåðãåé Øèïîâ"]
[PlyCount "110"]
[EventDate "2012.??.??"]
[EventCountry "TUR"]
[WhiteTeam "Netherlands"]
[BlackTeam "Armenia"]
[WhiteTeamCountry "NED"]
[BlackTeamCountry "ARM"]

{Ýòó ñëîæíåéøóþ ïàðòèþ ìîæíî ñìîòðåòü ëèøü ñî ñòîðîíû, íå âíèêàÿ â äåòàëè è
íàñëàæäàÿñü ýñòåòèêîé áîðüáû.} 1. d4 d5 2. c4 c6 3. Nc3 Nf6 4. cxd5 cxd5 5. Bf4
Nc6 6. e3 a6 7. Bd3 Bg4 8. Nge2 Bxe2 9. Qxe2 e6 10. g4 g6 11. h4 h5 12. g5 Nd7
13. O-O Bg7 14. Bd6 Bf8 15. Bg3 Bg7 16. Rfc1 O-O 17. Bd6 Re8 18. f4 Qb6 19. Ba3
{} Nxd4 $1 {Óäà÷íàÿ æåðòâà êîíÿ íà òðè ïåøêè.} 20. exd4 Qxd4+ 21. Kg2 Qxf4
22. Qf2 Qxf2+ 23. Kxf2 Rac8 24. Ne2 Ne5 25. Ke3 b5 26. Rxc8 Rxc8 27. Rc1 Rxc1
28. Nxc1 Nc6 29. Bd6 Bd4+ {} 30. Kd2 $2 {Èâàí ïî÷åìó-òî ðåøèë, ÷òî ñîïåðíèê
íåïðåìåííî ñúåñò ïåøêó b2, è ïîïàë âïðîñàê.} Bf2 $1 31. a4 bxa4 32. Bxa6 Bxh4
33. Bb5 Bxg5+ 34. Kd1 Na5 35. Nd3 Nc4 36. Bxc4 dxc4 37. Ne5 Bf6 38. Nxc4 {} g5
39. Kc2 Bd4 40. Kd3 Ba7 41. Nd2 Kg7 42. Ne4 g4 43. Nc3 h4 44. Ke2 Bd4 45. Nxa4
{} e5 {Ëàâèíà ÷åðíûõ ïåøåê íåóìîëèìî äâèæåòñÿ, à êîíòðèãðà áåëûõ çàïàçäûâàåò.
} 46. Bc5 h3 47. Kf1 f5 48. Bxd4 exd4 49. Nc5 Kf6 $1 {Áîëüøîå âïå÷àòëåíèå
ïðîèçâîäèò òîò ôàêò, ÷òî è ÷åðíûé êîðîëü óñïåâàåò ïîó÷àñòâîâàòü â ïðîöåññå.}
50. Nd3 Kg5 51. b4 f4 52. b5 f3 53. Nf2 h2 54. Nh1 d3 55. Ke1 Kh4 $1 {
Áëåñòÿùèé øàõìàòíûé ñïåêòàêëü! Áðàâî, Âëàäèìèð!} 0-1

[Event "40th Olympiad 2012 Women2"]
[Site "Istanbul"]
[Date "2012.09.07"]
[Round "10"]
[White "Cori Tello, Deysi Estela"]
[Black "Muzychuk, Anna"]
[Result "1-0"]
[WhiteElo "2413"]
[BlackElo "2606"]
[Annotator "Ñåðãåé Øèïîâ"]
[PlyCount "21"]
[EventDate "2012.??.??"]
[EventCountry "TUR"]
[WhiteTeam "Peru"]
[BlackTeam "Slowenien"]
[WhiteTeamCountry "PER"]
[BlackTeamCountry "SLO"]

{Åùå îäíèì ÿðêèì ñâèäåòåëüñòâîì îãðîìíîé ðîëè ôèçè÷åñêîé âûíîñëèâîñòè â
øàõìàòàõ ñòàë íåñ÷àñòíûé ñëó÷àé, ïðîèçîøåäøèé ñ îäíîé èç ëó÷øèõ øàõìàòèñòîê
ìèðà.} 1. d4 Nf6 2. Nf3 g6 3. c4 Bg7 4. Nc3 d5 5. Qb3 dxc4 6. Qxc4 O-O 7. e4
Be6 8. d5 {} Bg4 $4 {Óäèâèòåëüíûé ïðîñìîòð.} ({Ïðîâåðåíî íà ïðàêòèêå} 8... Bc8
$1 {ñ ïîñëåäóþùèì ïîäðûâîì áåëîãî öåíòðà ïóòåì c7-c6.}) 9. e5 Bxf3 10. exf6 $1
exf6 11. gxf3 {Ôèãóðû íåò, êîìïåíñàöèè - òîæå. ×åðíûå ñîïðîòèâëÿëèñü åùå 47
õîäîâ, íî âñ¸-òàêè ïðîèãðàëè.      Âïåðåäè íàñ æä¸ò ïîñëåäíèé òóð, îí è
ðàññòàâèò âñå òî÷êè íàä ...} 1-0